Szczegóły MARC21

Rozwinąć skrzydła : język polski : kształcenie kulturowe. Cz. 2 /

003 -Nazwa inst., której nr kontr. jest w polu 001 [,]
    • @
    • Nazwa instytucji, której n kontrolny jest w polu 001
    • NUKAT
005 -DATA I CZAS OSTATNIEJ MODYFIKACJI [,]
    • @
    • pole kontrolne
    • 20241231095439.0
020 -Międzynarod. znormalizowany nr książki - ISBN [ , ]
    • a
    • Numer ISBN
    • 8372557934 Find
040 -Instytucja sporządzająca opis [ , ]
    • a
    • Instytucja, która sporządziła opis (NP)
    • TOR U/KC
    • c
    • Instytucja, która sporządziła rekord (NP)
    • TOR U/KC
    • d
    • Instytucja, która zmodyfikowała rekord (P)
    • TOR U/AP
    • d
    • Instytucja, która zmodyfikowała rekord (P)
    • WA U/BMs
942 -Rodzaj dokumentu [ , ]
    • c
    • Rodzaj dokumentu
    • Książka
100 -Hasło główne - nazwa osobowa [1, ]
    • a
    • Nazwa osobowa (NP)
    • Michałkiewicz, Teresa.
    • 9
    • KHW
    • 66249
245 -Strefa tytułu i oznaczenia odpowiedzialności [1,0]
    • a
    • Tytuł
    • Rozwinąć skrzydła : Find
    • b
    • Ciąg dalszy tytułu (NP)
    • język polski : kształcenie kulturowe. Find
    • n
    • Oznaczenie części (P)
    • Cz. 2 /
    • c
    • Pozostałe elementy strefy tytułu i oznaczenia odpowiedzialności (NP)
    • Teresa Michałkiewicz.
246 -Wariant tytułu [3,0]
    • a
    • Tytuł (NP)
    • Język polski :
    • b
    • Ciąg dalszy tytułu (NP)
    • kształcenie kulturowe
260 -Strefa adresu wydawniczego [ , ]
    • a
    • Miejsce wydania (P)
    • Warszawa :
    • b
    • Nazwa wydawcy (P)
    • Prószyński i S-ka,
    • c
    • Data wydania (P)
    • 2000.
300 -Strefa opisu fizycznego [ , ]
    • a
    • Określenie formy książki i/lub objętość (NP)
    • 174, [1] s. :
    • b
    • Oznaczenie ilustracji (NP)
    • fot. (w tym kolor.) ;
    • c
    • Format (NP)
    • 28 cm.
336 -Typ zawartości [ , ]
    • a
    • Termin opisujący typ zawartości
    • Tekst
    • b
    • Kod określający zawartość
    • txt
    • 2
    • Źródło (terminu i kodu)
    • rdacontent
337 -Typ mediów [ , ]
    • a
    • Tryb odtwarzania
    • Bez urządzenia pośredniczącego
    • b
    • Kod typu mediów
    • n
    • 2
    • Źródło (terminu i kodu)
    • rdamedia
338 -Typ/rodzaj nośnika [ , ]
    • a
    • Hasło opisujące typ nośnika
    • Wolumin
    • b
    • Kod typu nośnika
    • nc
    • 2
    • Źródło (terminu i kodu)
    • rdacarrier
521 -Uwaga dot. przeznaczenia czytelniczego [8, ]
    • a
    • Uwaga dot. przeznaczenia czytelniczego
    • Podręcznik dla gimnazjum - klasa 1.
080 -Uniwersalna Klasyfikacja Dziesiętna [ , ]
    • 2
    • Identyfikator wydania tablic
    • UDC-P058
    • a
    • Symbol klasyfikacji
    • 821.162.1(091)
    • b
    • Dopowiedzenie
    • Literatura polska (historia).
    • x
    • Poddział wspólny
    • (075.3-021.64)
    • b
    • Dopowiedzenie
    • (Podręczniki dla gimnazjum).
080 -Uniwersalna Klasyfikacja Dziesiętna [ , ]
    • 2
    • Identyfikator wydania tablic
    • UDC-P058
    • a
    • Symbol klasyfikacji
    • 82(091)
    • b
    • Dopowiedzenie
    • Historia literatury.
    • x
    • Poddział wspólny
    • (075.3-021.64)
    • b
    • Dopowiedzenie
    • (Podręczniki dla gimnazjum).
650 -Hasło przedmiotowe [ ,7]
    • a
    • Hasło przedmiotowe
    • Język polski
    • v
    • Określnik formalny
    • podręczniki dla gimnazjów.
    • 2
    • Źródło terminu
    • kaba
    • 9
    • KHW
    • 579037
650 -Hasło przedmiotowe [ ,7]
    • a
    • Hasło przedmiotowe
    • Język polski
    • x
    • Określnik rzeczowy
    • lektury i wypisy
    • x
    • Określnik rzeczowy
    • literatura.
    • 2
    • Źródło terminu
    • kaba
    • 9
    • KHW
    • 414714
980 -Symbol UKD [ , ]
    • a
    • UKD
    • 821.162.1(091)+82(091)](075.3-021.64)
710 -Hasło dodatkowe - nazwa ciała zbiorowego [2, ]
    • a
    • Nazwa ciała zbiorowego lub nazwa geograficzna jako pierwszy element (NP)
    • Prószyński i S-ka (1990-2008).
    • 4
    • Kod relacji
    • pbl
    • 9
    • KHW
    • 69189
920 -ISBN [ , ]
    • a
    • ISBN
    • 83-7255-793-4 Find
Lokalizacja Data inwentaryzacji Status udost. Numer inwentarzowy
BG2007-11-271Pd.18976